Prístupy SR a vybraných členských štátov EÚ zamerané na elimináciu daňových únikov a daňových podvodov diplomová práca

Gespeichert in:
Bibliographische Detailangaben
1. Verfasser: Őzeová, Erika
Körperschaft: Národohospodárska fakulta EU. Katedra financií
Weitere Verfasser: Schultzová, Anna
Format: Buch
Sprache:Slowakisch
Veröffentlicht: Bratislava 2016
Tags: Tag hinzufügen
Keine Tags, Fügen Sie das erste Tag hinzu!

MARC

LEADER 00000nbm a2200000 4500
001 0218009
005 20170104133009.0
041 0 |a slo 
044 |a SK 
245 1 0 |a Prístupy SR a vybraných členských štátov EÚ zamerané na elimináciu daňových únikov a daňových podvodov  |b diplomová práca  |c Erika Őzeová ; školiteľ: Anna Schultzová 
264 1 |a Bratislava  |c 2016 
300 |a 70 s. 
100 1 |a Őzeová, Erika 
700 1 |a Schultzová, Anna 
710 2 |a Národohospodárska fakulta EU. Katedra financií